Canto sublime /
保存先:
| 第一著者: | |
|---|---|
| フォーマット: | 不明 |
| 言語: | Spanish |
| 出版事項: |
San José, Costa Rica :
Ministerio de Cultura, Juventud y Deportes, Dirección General de Cultura,
2000.
|
| 主題: | |
| タグ: |
タグ追加
タグなし, このレコードへの初めてのタグを付けませんか!
|
MARC
| LEADER | 000000000a22000000004500 | ||
|---|---|---|---|
| 001 | 015738 | ||
| 020 | |a 9977591458 | ||
| 041 | 0 | |a spa | |
| 082 | 0 | 4 | |a CR861.4 |b M337c |
| 100 | 1 | |a Marín Mora, Leonardo | |
| 245 | 1 | 0 | |a Canto sublime / |c Leonardo Marín Mora. |
| 260 | 1 | |a San José, Costa Rica : |b Ministerio de Cultura, Juventud y Deportes, Dirección General de Cultura, |c 2000. | |
| 300 | |a 81 páginas | ||
| 650 | 4 | |a POESIA COSTARRICENSE | |
| 650 | 4 | |a LITERATURA COSTARRICENSE | |
| 999 | |c 21571 |d 21571 | ||
| 942 | |c BK |h CR861.4 M337c |2 z | ||



